000 00570nam a2200217Ia 4500
005 20241216010740.0
008 181213s9999||||xx |||||||||||||| ||und||
020 _a84-200-0536-3
082 _a636.07
_bD24
100 _aDANTZER, R. Y MORMEDE, P.
245 0 _aEL STRESS EN LA CRIA INTENSIVA DEL GANADO
250 _a0
260 _aZARAGOZA-ESPAÑA
_bACRIBIA
_c1984
300 _a130 pag
_c24 cm
341 _h0
490 _v0
_a0
505 _aFACTORES-FISIOPATOLOGIA/CONTROL-CRIA
541 _aC
_d22-Sep-95
650 _aCIENCIAS APLICADAS
942 _cLIBRO
999 _c22980
_d22980